000 00391nam a22001457a 4500
005 20200611091937.0
008 200611b xxu||||| |||| 00| 0 eng d
082 _a345.4 AIR
110 _aALL INDIA REPORTER
_95950
245 _aALL INDIA REPORTER, [1978] [VOL-65] DELHI SECTION
260 _aBOMBAY
_bALL INDIA REPORTER, PVT. LTD.
300 _a112;p
650 _aLAW
_95701
942 _cJRL
999 _c7011
_d7009